Clic Ce sont des départements mais aussi... (4) - Statistiques

Statistiques générales
  • Ce quiz a été pris 14 fois
  • Le résultat moyen est 24 sur 50
Statistiques - réponses
Hint Explanation Réponse % Correct
L'Aube est un moment du soir Du matin FAUX
82%
Doubs est une chanson de Jean-Jacques Goldman Doux FAUX
73%
La Creuse est un affluent du Doubs un affluent du Gland dans le Doubs VRAI
73%
L'Aube est un des affluents de la Seine VRAI
73%
Aude est un prénom féminin VRAI
73%
Ardèche est une commune de l'Ardèche Il y en a 4 contenant le mot mais jamais seul FAUX
64%
Dordogne est une bonne fée FAUX
64%
L'Eure est une fontaine du Gard VRAI
64%
L'Isère est un affluent du Rhône VRAI
64%
Gard est une ville des Etats-Unis FAUX
55%
Le Doubs est un architecte français Ledoux Claude Nicolas FAUX
55%
Le corrèze est un magistrat de l'antiquité grecque FAUX
55%
Le calvados est un oiseau de mer FAUX
55%
Gard est l'ancienne orthographe de gare FAUX
55%
Ardennes sont un peintre français FAUX
55%
Le Finistère est un massif de Nouvelle-Calédonie Les monts Finisterre sont en Papouasie-Nouvelle-Guinée FAUX
55%
Aisne est une fée FAUX
55%
Allier est un coureur cycliste français Thomas de son prénom VRAI
55%
Gard est un rugbyman néo-zélandais Prénommé Hamish VRAI
55%
L'Aveyron est un affluent du Loing VRAI
55%
Ardennes est un hameau de l'Eure VRAI
55%
Le Finistère est un cap breton VRAI
55%
L'Aube est un vêtement liturgique VRAI
55%
Charente est une étoile FAUX
45%
Creuse est un quartier de La Souterraine FAUX
45%
Hérault est un ancien candidat à l'élection présidentielle Héraud prénom Guy, candidat en 1974 FAUX
45%
L'Indre est un étang situé près de Dieuze Lindre sans apostrophe FAUX
45%
Doubs est une commune des Ardennes Doux FAUX
45%
Gard est une abbaye picarde elle était dans la Somme VRAI
45%
Le Cantal est un volcan et même plusieurs VRAI
45%
Le Gard est un affluent du Rhône VRAI
45%
Allier est une commune des Hautes-Pyrénées VRAI
45%
La Drôme est un affluent de l'Aure VRAI
45%
Aude est une commune d'Estonie VRAI
45%
Cher est un chien de Louis XIV FAUX
36%
Le Doubs est un cépage de vin blanc Il existe un cépage de raisin noir appelé Doux FAUX
36%
Ain est une commune de Savoie C'est Ayn FAUX
36%
L'Ardèche est un ancien monastère FAUX
36%
Les Ardennes sont une province belge FAUX
36%
Le Doubs est un sommet du Jura FAUX
36%
Gard est un vin IGP VRAI
36%
Hérault est la voix off de la SNCF Prénommé Simone VRAI
36%
La Dordogne est une rivière du Pas-de-Calais Affluent de la Canche VRAI
36%
L'Aisne est une rivière du Luxembourg Mais la Haine existe en Belgique FAUX
27%
Aude est une fée dans les contes de Perrault FAUX
27%
L'Isère est un navire câblier du XIXe siècle FAUX
27%
La Charente est un affluent de la Seine C'est un fleuve FAUX
27%
Calvados est un personnage d'Astérix VRAI
27%
La Drôme est un affluent de la Vire VRAI
27%
Le Cher est un affluent de la Vilaine C'est la Chère FAUX
18%
Aucun quiz correspondant
Distribution des résultats
% des personnes avec chaque résultat
Percentile par nombre de réponses
Votre historique - résultats
Vous n’avez pas pris ce quiz